Tổng hợp nhiên liệu sinh học trên xúc tác dị thể
Nội dung quyển sách này được trình bày trong 5 chương: chương 1 - khái quát chung về nhiên liệu sinh học và xúc tác dị thể sử dụng trong lĩnh vực; chương 2 - tổng hợp nhiên liệu sinh học Biodiesel; chương 3 - tổng hợp nhiên liệu sinh học Biokero...
Uloženo v:
| Hlavní autor: | |
|---|---|
| Médium: | Kniha |
| Jazyk: | Undetermined |
| Vydáno: |
Hà Nội
Nxb. Bách khoa Hà Nội
2016
|
| Témata: | |
| Tagy: |
Přidat tag
Žádné tagy, Buďte první, kdo otaguje tento záznam!
|
| Thư viện lưu trữ: | Trung tâm Học liệu Trường Đại học Cần Thơ |
|---|
| LEADER | 01199nam a2200205Ia 4500 | ||
|---|---|---|---|
| 001 | CTU_217975 | ||
| 008 | 210402s9999 xx 000 0 und d | ||
| 020 | |c 90000 | ||
| 082 | |a 665.37 | ||
| 082 | |b H455 | ||
| 100 | |a Nguyễn, Khánh Diệu Hồng | ||
| 245 | 0 | |a Tổng hợp nhiên liệu sinh học trên xúc tác dị thể | |
| 245 | 0 | |c Nguyễn Khánh Diệu Hồng | |
| 260 | |a Hà Nội | ||
| 260 | |b Nxb. Bách khoa Hà Nội | ||
| 260 | |c 2016 | ||
| 520 | |a Nội dung quyển sách này được trình bày trong 5 chương: chương 1 - khái quát chung về nhiên liệu sinh học và xúc tác dị thể sử dụng trong lĩnh vực; chương 2 - tổng hợp nhiên liệu sinh học Biodiesel; chương 3 - tổng hợp nhiên liệu sinh học Biokerosen; chương 4: tổng hợp nhiên liệu xanh green fuel; chương 5 - tổng hợp và nâng cấp nhiên liệu sinh học bio-oil | ||
| 650 | |a Biodiesel fuels,Nhiên liệu diesel sinh học | ||
| 904 | |i Hồng Trâm,Gia Linh Hoàng,Hải | ||
| 980 | |a Trung tâm Học liệu Trường Đại học Cần Thơ | ||